1212 1901 1443 1697 1138 1737 1607 1276 1127 1320 1500 1429 1001 1494 1792 1439 1652 1898 1838 1595 1232 1643 1104 1475 1391 1567 1356 1476 1355 1870 1207 1149 1648 1955 1642 1462 1882 1714 1024 1218 1985 1307 1781 1698 1754 1281 1876 1821 1478 1009 1325 1994 1577 1193 1896 1017 1195 1220 1107 1111 1484 1821 1824 1883 1417 1421 1364 1949 1121 1543 1553 1897 1884 1725 1034 1852 1229 1878 1314 1354 1654 1472 1190 1960 1562 1328 1062 1864 1342 1938 1425 1895 1462 1708 1533 1506 1838 1205 1399 BCNSPRNW ULIB Ver.6.0+V

เปลี่ยนเป็นภาษาไทย

Change to English
 แสดงรายละเอียดบรรณานุกรม
  กลับหน้าหลัก

Brief Record : Get Marc (ISO 2709) : E-mail record : QR code < ปิดหน้าต่าง
LEADER : 00000nam 2200000uu 4500
001    13399122703
003     ULIB
008    130902s2552||||th 000 0 tha d
020    ^a9789742887384
050 04 ^aK3400^bน424ห
100 0  ^aนันทวัฒน์ บรมานันท์.
245 1  ^aหลักกฎหมายปกครองเกี่ยวกับบริการสาธารณะ/^cนันทวัฒน์ บรมานันนท์.
250    ^aพิมพ์ครั้งที่ 4.
260    ^aกรุงเทพฯ :^bวิญญูชน,^c2552.
300    ^a342 หน้า :^c26 ซม.
650  7 ^aบริการสาธารณะ^xกฎหมายและระเบียบข้อบังคับ.
650  7 ^aกฎหมายปกครอง.
650  7 บริการสาธารณะ.
710  2 ^aจุฬาลงกรณ์มหาวิทยาลัย.^bภาควิชากฎหมายแพ่งและพาณิชย์.
850    ^aวิทยาลัยการบริหารรัฐกิจ.
945    ^p300^l0^i20145
999    ^aทศพร เกษรทอง
รายการนี้ยังไม่มีแท็ก
คุณยังไม่ได้ล็อกอิน คุณสามารถมีกิจกรรมร่วมกับเว็บไซต์ได้ แต่ต้องล็อกอินก่อน ::
  ล็อกอิน

รายการสื่อสารสนเทศ

ลำดับที่ ประเภท เลขเรียก/บาร์โค้ด สถานที่ สถานะ
1. การศึกษาทั่วไป
การศึกษาทั่วไป
K3400 น424ห ฉ.1 
  Barcode: 20145
ห้องสมุดวิทยาเขตนครสวรรค์
►หนังสือทั่วไป:l:General Books
บนชั้น

รายการใกล้เคียง
    ผู้แต่ง [นันทวัฒน์ บรมานันท์.]

    หัวเรื่อง [กฎหมายปกครอง.]
    หัวเรื่อง [บริการสาธารณะ.]

BibComment


ยังไม่เคยถูกคอมเมนท์

คอมเมนท์ทรัพยากรรายการนี้
  คอมเมนท์: หลักกฎหมายปกครอง..


 Copyright 2026. Bcnsprnw @Library